01480cam a22003258i 450000100090000000300050000900500170001400800410003101000170007202000380008903500200012704000230014704200080017005000240017806000110020208200110021310000320022424500850025625000170034126000340035826300090039230000510040150000510045250504580050365000580096165000420101965000330106165000320109470000280112618880978PILC20160524094436.0151203s2016 mou b 001 0 eng  a 2015047557 a9780323340830 (pbk. : alk. paper) a(DNLM)101673048 aDNLM/DLCcDLCerda apcc00aRM 300b.Sy992 201710aQV 74800a615/.11 aSnyder, Katherine,eauthor.10aPharmacology for the surgical technologist /cKatherine C. Snyder, Chris Keegan. a4th edition. aMissouri :bElsevier, c2017. a1111 axi, 243 pages :bcolor illustrations ;c28 cm. aIncludes bibliographical references and index.0 aBasic pharmacology -- Medication development, regulation, and resources -- Pharmacology mathematics -- Medication administration -- Antibiotics -- Diagnostic agents -- Diuretics -- Hormones -- Medications that affect coagulation -- Ophthalmic agents -- Fluids and irrigation solutions -- Antineoplastic chemotherapy agents -- Preoperative medications -- Patient monitoring and local and regional anesthesia -- General anesthesia -- Emergency situations.12aPharmaceutical Preparationsxadministration & dosage.22aAnestheticsxadministration & dosage.22aPerioperative Carexmethods.22aOperating Room Technicians.1 aKeegan, Chris,eauthor.